Puchar Świata w skokach narciarskich 2021/2022 - Statystyki

Ogólne statystyki
  • Ten quiz został rozwiązany 542 razy
  • Średni wynik to 42 z 76
Statystyki odpowiedzi
Miejsce Zawodnik Kraj Punkty % Poprawnych
19. Kamil Stoch Polska 397
95%
14. Piotr Żyła Polska 480
94%
1. Ryōyū Kobayashi Japonia 1621
94%
27. Dawid Kubacki Polska 231
93%
5. Stefan Kraft Austria 1069
91%
32. Junshirō Kobayashi Japonia 179
90%
10. Cene Prevc Słowenia 657
88%
44. Domen Prevc Słowenia 60
88%
4. Halvor Egner Granerud Norwegia 1227
87%
2. Karl Geiger Niemcy 1515
87%
15. Peter Prevc Słowenia 460
87%
7. Anže Lanišek Słowenia 936
81%
3. Marius Lindvik Norwegia 1231
77%
8. Timi Zajc Słowenia 711
76%
12. Robert Johansson Norwegia 531
74%
21. Daniel-André Tande Norwegia 339
73%
6. Markus Eisenbichler Niemcy 950
73%
43. Paweł Wąsek Polska 61
71%
13. Yukiya Satō Japonia 530
71%
26. Gregor Deschwanden Szwajcaria 243
70%
49. Keiichi Satō Japonia 38
70%
58. Antti Aalto Finlandia 22
69%
24. Johann André Forfang Norwegia 303
69%
16. Killian Peier Szwajcaria 451
69%
41. Simon Ammann Szwajcaria 64
68%
66. Aleksander Zniszczoł Polska 8
67%
9. Jan Hörl Austria 662
67%
74. Stefan Hula Polska 4
67%
29. Andreas Wellinger Niemcy 219
66%
47. Jakub Wolny Polska 46
66%
60. Andrzej Stękała Polska 19
63%
34. Evgenii Klimov Rosja 163
62%
74. Roman Koudelka Czechy 4
62%
17. Manuel Fettner Austria 424
61%
55. Artti Aigro Estonia 30
60%
76. Fatih Arda İpcioğlu Turcja 2
60%
37. Michael Hayböck Austria 117
59%
11. Daniel Huber Austria 556
58%
71. Giovanni Bresadola Włochy 6
58%
18. Lovro Kos Słowenia 403
58%
33. Pius Paschke Niemcy 174
56%
50. Vladimir Zografski Bułgaria 35
56%
23. Constantin Schmid Niemcy 332
54%
31. Naoki Nakamura Japonia 196
54%
20. Žiga Jelar Słowenia 389
53%
57. Dominik Peter Szwajcaria 23
52%
50. Niko Kytösaho Finlandia 35
52%
63. Mackenzie Boyd-Clowes Kanada 15
51%
39. Daiki Itō Japonia 88
50%
22. Stephan Leyhe Niemcy 333
48%
25. Daniel Tschofenig Austria 251
47%
30. Severin Freund Niemcy 211
46%
66. Decker Dean Stany Zjednoczone 8
43%
35. Clemens Aigner Austria 153
41%
59. Richard Freitag Niemcy 20
40%
28. Philipp Aschenwald Austria 220
38%
40. Eetu Nousiainen Finlandia 65
36%
62. Philipp Raimund Niemcy 16
35%
65. Bor Pavlovčič Słowenia 9
31%
61. Anže Semenič Słowenia 17
30%
56. Roman Trofimov Rosja 29
29%
71. Anders Fannemel Norwegia 6
28%
64. Mikhail Nazarov Rosja 10
28%
38. Danil Sadreev Rosja 101
27%
53. Robin Pedersen Norwegia 31
24%
46. Bendik Jakobsen Heggli Norwegia 48
23%
48. Justin Lisso Niemcy 44
23%
36. Ulrich Wohlgenannt Austria 133
20%
42. Fredrik Villumstad Norwegia 62
19%
52. Markus Müller Austria 34
18%
66. Maximilian Steiner Austria 8
17%
45. Thomas Lackner Austria 49
17%
53. Markus Schiffner Austria 31
16%
71. Aleksandr Bazhenov Rosja 6
10%
69. Joacim Ødegård Bjøreng Norwegia 7
10%
69. Markus Ruptisch Austria 7
3%
Nie znaleziono quizów pasujących do podanych kryteriów
Rozkład punktacji
Procent ludzi z każdym wynikiem
Percentyl według liczby udzielonych odpowiedzi
Twoja historia wyników
Nie rozwiązałeś tego quizu